| 000 | 00949cam a2200145ua 4500 | ||
|---|---|---|---|
| 041 |
_aeng _h |
||
| 082 |
_a699.878 _bIND/CO |
||
| 110 | 1 |
_aIndian Standards Institution . _bISI _c() |
|
| 245 | 0 | 0 | _aCode of practice for anti-termite measures in buildings, Part II Preconstructional chemical treatment measures,IS: 6313 (Part II)-1981 |
| 260 |
_aNew Delhi : _bIndian Standards Institution , _c1989. |
||
| 300 | _a18 ; . | ||
| 504 | _a | ||
| 942 | _cBK | ||
| 999 |
_c9957 _d9957 |
||